000 00468nam a22001457a 4500
008 240520b |||||||| |||| 00| 0 eng d
020 _a9780195747348
050 _aPL 8704 .W33 2019
100 _aAlphonnse, Ndambuki.
245 _aWema Waliobaki /
_cNdambuki, Alphonse.
260 _aKenya:
_bOxford University press,
_c2019.
300 _a156p. :
_bill. ;
_c20cm
650 _aAfrican fiction
_vKiswahili
942 _2lcc
_cAFRICANA
_hPL 8704 .W33 2019
999 _c31997
_d31997